Responses for Show #2337 - Tuesday, November 1, 1994

Contestants

[<< previous game]

Barry Sackin, a school food services director from Temecula, California

Jeanne Nelka, a library technician from Alexandria, Virginia

Russ Woodford, a guidance counselor from Sharpsburg, Maryland (whose 1-day cash winnings total $5,998)

[next game >>]

Jeopardy! Round responses

TENNESSEE
MUSICAL THEATRE
FYI
WAR
LIBRARIES
FRACTIONS
    $100 6
the Manhattan Project

Russ
    $100 3
gold

Jeanne
    $100 17
chicken soup

Russ
    $100 1
Florida

Jeanne
    $100 2
the New York City Public Library

Barry
    $100 26
1/12

Russ
    $200 7
(Jeanne: What's the Appalachian Trail?)
(Russ: What's the Cumberland Gap?)

the Wilderness Road (or the Wilderness Route)

RussJeanne
Triple Stumper
    $200 4
Camelot

Barry
    $200 18
a yawn

Russ
    $200 13
Napoleon

Russ
    $200 12
Alexandria

Russ
    $200 27
1/20

Russ
    $300 8
the Scopes trial

Jeanne
    $300 5
Rasputin

Russ
    $300 19
wash dishes

Jeanne
    $300 14
(Barry: What's the Hundred Years War?)
...
(Alex: 100 years would be a long war. A semi-long would be [*].)

the Thirty Years War

Barry
Triple Stumper
    $300 23
(Winston) Churchill

Russ
    $300 28
1/360

Russ
    $400 9
(Great) Smoky Mountain(s) National Park

Barry
    $400 10
Damn Yankees

Barry
    $400 20
life expectancy

Barry
    $400 15
(Barry: Who is Julius Caesar?)
(Jeanne: Who is Alexander the Great?)

Mark Antony

JeanneBarry
Triple Stumper
    $1,000 24
(Russ: What is Melbourne?)

Sydney

Russ
    $400 29
a quarter horse

Barry
    $500 22
zinc

Triple Stumper
    $500 11
Yeomen of the Guard

Jeanne
    $500 21
the Heimlich maneuver

Russ
    $500 16
Jean-Jacques Dessalines (Jacques I)

Triple Stumper
    $500 25
the Bodleian

Jeanne
    $500 30
1/8

Russ

Scores at the first commercial break (after clue 15):

Russ Jeanne Barry
$600 $400 $400

Scores at the end of the Jeopardy! Round:

Russ Jeanne Barry
$1,800 $1,200 $1,200

Double Jeopardy! Round responses

HISTORY
REGIONAL WINDS
BUSINESS & INDUSTRY
MOSCOW
CRIME TIME
QUOTABLE WOMEN
    $200 2
Fidel Castro

Barry
    $200 7
winter

Jeanne
    $200 17
the Netherlands

Jeanne
    $200 11
airports

Barry
    $200 12
Jack the Ripper

Russ
    $200 1
[Jeanne selected the first clue.]

Anita Hill

Russ
    $400 3
Peking

Triple Stumper
    $400 10
the easterlies

Triple Stumper
    $400 18
Nestle

Russ
    $400 22
Lenin

Barry
    $400 13
Capone

Russ
    $400 8
Queen Victoria

Jeanne
    $600 4
Sparta

Barry
    $600 29
the Magellan Strait

Russ
    $600 19
Crayola

Russ
    $600 23
Sputnik

Russ
    $600 14
Rostenkowski

Barry
    $600 9
Emily Dickinson

Russ
    $800 5
the Marshall Plan

Russ
    $800 28
the Santa Ana

Russ
    $800 20
(Jeanne: What are [*]s?)

Hard Rock Cafe

Jeanne
    $800 24
the Bolshoi

Barry
    $700 15
the PRI

Barry
    $800 26
(Benazir) Bhutto

Russ
    $1,500 6
(Russ: What is the Inquisition?)

the St. Bartholomew's Day Massacre

Russ
    $1000 30
the Sirocco

Russ
    $1000 21
Intel

Barry
    $1000 25
(Alex: Less than a minute to go.)

Gorky

Russ
    $1000 16
(Jeanne: What's Sister Carrie?)
(Barry: What's J'Accuse!?)

An American Tragedy

JeanneBarry
Triple Stumper
    $1000 27
George Eliot

Jeanne

Scores at the end of the Double Jeopardy! Round:

Russ Jeanne Barry
$8,300 $2,800 $4,700

[wagering suggestions for these scores]

Final Jeopardy! Round responses

FRUITS & VEGETABLES
JeanneWhat is delicious
$2,000
BarryWhat is winesap
$4,300
RussWhat is the Stamen
$1,101
the pippin

Final scores:

Russ Jeanne Barry
$7,199 $800 $400
2-day champion: $13,197 2nd place: Dynamark home security & fire protection system + Hammerman rings 3rd place: Trimble GPS system

Game dynamics:

Coryat scores:

Russ Jeanne Barry
$10,800 $2,800 $4,800
25 R,
3 W
(including 2 DDs)
11 R,
3 W
14 R
(including 1 DD),
3 W

Combined Coryat: $18,400

[game clues] [game scores] [suggest correction]

Game tape date: 1994-08-31
The J! Archive is created by fans, for fans. Scraping, republication, monetization, and malicious use prohibited; this site may use cookies and collect identifying information. See terms. The Jeopardy! game show and all elements thereof, including but not limited to copyright and trademark thereto, are the property of Jeopardy Productions, Inc. and are protected under law. This website is not affiliated with, sponsored by, or operated by Jeopardy Productions, Inc. Join the discussion at JBoard.tv.